| 000 | 00508nam a2200181Ia 4500 | ||
|---|---|---|---|
| 999 |
_c29907 _d29907 |
||
| 003 | OSt | ||
| 005 | 20201118121404.0 | ||
| 008 | 190216s9999||||xx |||||||||||||| ||und|| | ||
| 020 | _a9788171301812 | ||
| 040 | _coclc | ||
| 082 |
_a894.8123 _bKUN/S |
||
| 100 |
_a Kunhabdulla, Punathil _96411 |
||
| 245 | 0 |
_aSmarakasilakal / _cPunathil Kunhabdulla |
|
| 260 |
_bDc Books, _c2011. _aKottayam: |
||
| 300 | _a263p | ||
| 650 | _aNovel | ||
| 942 |
_cBK _2ddc _h894.8123 _iKUN/S _k894.8123 _mKUN/S |
||